-STR- Vocabulary Words - Statistics

General Stats
  • This quiz has been taken 121 times
  • The average score is 12 of 20
Answer Stats
hint word % Correct
swimming style breaststroke
82%
terrible disaster catastrophe
80%
European-style café bistro
78%
what they're contains apostrophe
76%
orchestral leader maestro
75%
red fruit strawberry
75%
urban roadway street
69%
to lengthen by pulling stretch
67%
non-spousal lover mistress
66%
to wreck; totally ruin destroy
65%
collection of music-makers orchestra
64%
what a music-maker plays instrument
63%
non-literal painting style abstract
54%
to block; get in the way of obstruct
51%
thin-sliced smoked beef pastrami
51%
medieval singer minstrel
45%
upset, anxiety, sorrow distress
42%
tighten with encircling pressure constrict
27%
small falcon kestrel
27%
region; defined area district
18%
No matching quizzes found
Score Distribution
Percent of People with Each Score
Percentile by Number Answered
Your Score History
You have not taken this quiz